| 000 | 02366 a2200241 4500 | ||
|---|---|---|---|
| 003 | MN-UlNLM | ||
| 005 | 20220504164321.0 | ||
| 008 | a130t2001 mp ||||| |||| 00| 0 mon d | ||
| 020 | _a1-56308-621-2 1-56308-624-7 | ||
| 040 | _aМонгол Улсын Үндэсний номын сан | ||
| 084 |
_2NNA _a78.5 _bБ 573 _q7 |
||
| 100 | 1 |
_aБонн Р.Е., _aСмит Л.С. |
|
| 245 | 1 |
_aЛавлагаа ба мэдээллийн үйлчилгээ _bГарын авлага |
|
| 250 | _a3 | ||
| 260 | 0 |
_a"АНУ" _c2001 |
|
| 300 | _a753х | ||
| 546 | _aMongolia | ||
| 653 |
_aСоёл шинжлэх ухаан боловсрол _aНомзүй _aНомзүй судлал |
||
| 740 |
_aЛавлагааны үйлчилгээний түүх төрлүүд. _aЛавлагааны үйлчилгээний ёс зүйн асуудлууд. _aЛавлагааны ярилцлага. _aНом зүйн хяналт ,мэдээллийн зохион байгуулалт. _aЛавлагааны электрон нөөцүүд. _aЛавлагааны электрон мэдээллийн системийн тухай. _aХандалтад тулгуурласан лавлагааны үйлчилгээ _aСургалт. _aЛавлагааны үйлчилгээг боловсронгуй болгох ньболовсон хүчинд чиг баримжаа олгох сургалт ба тасралтгүй боловсролын асуудлууд. _aЛавлагааны үйлчилгээнд үнэлгээ өгөх асуудалд. _aЛавлагааны үйлчилгээнд зохион байгуулж хүмүүст хүргэж удирдах нь. _aХүн амын тусгай бүлэгт зориулсан номын сангийн лавалгааны үйлчилгээ. _aЛавлагааны эх сурвалжийн сонголт ба үнэлгээ. _aЛавлахууд. _aТовхимол,жилийн ном, гарын авлага. _aНамтрын эх сурвалжууд. _aТоль бичиг. _aНэвтэрхий толь. _aГазарзүйн эх сурвалжууд. _aНомзүйн эх сурвалжууд. _aХэлхээс ба хараангуй. _aЗасгийн газрын баримт бичгүүд ба статистик эх сурвалжууд. |
||
| 856 | _aprintbook | ||
| 942 | _cBK | ||
| 999 |
_c42964 _d42964 |
||